000 00355nam a2200145 i 4500
001 bg
100 1 _aCENTKOWSKI, Jerzy
245 0 _aPrasa SD w Polsce Ludowej 1945 - 1973 /
_cJerzy Centkowski.
260 _aWarszawa,
_c1976.
040 _cBPK
041 _apol
080 _a07+05:329(438)
942 _cKS
008 s pl f |000 0 pol
999 _c26936
_d26936
856 _uhttp://koha.tu.koszalin.pl/cgi-bin/koha/opac-detail.pl?biblionumber=26936
_yKatalog online BPK